Statistics for Dodge Cars by Picture

Click here to take the quiz!

General Stats

  • This quiz has been taken 187 times
  • The average score is 8 of 18

Answer Stats

Answer% Correct
Charger
100%
Challenger
99%
Durango
80%
Viper
78%
Dart
73%
Ram
71%
Neon
46%
Magnum
40%
Avenger
39%
Dakota
36%
Grand Caravan
36%
Journey
36%
Nitro
28%
Charger Daytona
24%
Stealth
17%
Monaco
13%
Coronet
11%
Diplomat
8%

Score Distribution

Percentile by Number Answered

Percent of People with Each Score

Your Score History

You have not taken this quiz